000
00475nam a2200181Ia 4500
008
090124s9999 xx 000 0 und d
082
_b
122085
100
_a
जोगळेकर योगिनी
245
_a
दसरा
250
_a
11
260
_c
1987
300
_a
193
600
_a
जोगळेकर योगिनी
630
_a
दसरा
700
_a
जोगळेकर योगिनी
730
_a
दसरा
942
_c
BOOK
999
_c
168171
_d
168171